| 000 | 00612nab a2200157Ia 4500 | ||
|---|---|---|---|
| 003 | ES-SlBCS | ||
| 005 | 20210601124307.0 | ||
| 008 | 140529s1978 xxu||||| |||| 00| 0 eng d | ||
| 041 | _aeng | ||
| 100 | 1 |
_aApple, Michael W. _9139283 |
|
| 245 | 0 | 0 |
_aCultural Capital and Educational Transmissions: An Essay on Basil Bernstein, Class, Codes and Control: Vol. III - Towards a Theory of Educational Transmissions _c Michael W. Apple, Philip Wexler |
| 600 | 1 | 4 |
_aBernstein, Basil _9139284 |
| 700 | 1 |
_aWexler, Philip _9139285 |
|
| 773 | 0 |
_tEducational Theory _gvol. 28, nº. 1, 1978, págs. 34-43 _wRev1399 |
|
| 942 | _cAR | ||
| 999 |
_c512437 _d512437 |
||